000 00487nam a22001817a 4500
003 CEME
005 20210628202508.0
008 210121b xxu||||| |||| 00| 0 eng d
020 _a1-86197-655-0
040 _c.
082 _a658.314 LAN
100 _aLandsberg , Max
_960152
245 _aThe tao of motivation ,inspire yourself and others
260 _aNEW YORK
_bPROFILE BOOKS
_c2004
300 _aXIII,144 P
650 _aMOTIVATION.MOTIVATING PEOPLE
_917967
942 _cBK
_2ddc
999 _c569956
_d569956